header

Fire in the city (Record no. 133027)

MARC details
000 -LEADER
fixed length control field 01619nam a22003854a 4500
082 04 - DEWEY DECIMAL CLASSIFICATION NUMBER
Classification number 945/.5105092
-- B
100 1# - MAIN ENTRY--AUTHOR NAME
Personal name Martines, Lauro.
245 10 - TITLE STATEMENT
Title Fire in the city
260 ## - PUBLICATION, DISTRIBUTION, ETC. (IMPRINT)
Place of publication Oxford ;
-- New York :
Name of publisher Oxford University Press,
Year of publication 2006.
300 ## - PHYSICAL DESCRIPTION
Number of Pages xvi, 336 p. :
Other physical details ill. (some col.), maps.
650 #0 - SUBJECT ADDED ENTRY--TOPICAL TERM
Topical Term Reformers
856 40 - ELECTRONIC LOCATION AND ACCESS
Uniform Resource Identifier http://site.ebrary.com/lib/rucke/Doc?id=10160561

No items available.

© 2026 Rongo University
Contact us: librarian | system librarian | Rongo university